| 000 | 00524 a2200157 4500 | ||
|---|---|---|---|
| 003 | Nust | ||
| 005 | 20170207154103.0 | ||
| 040 | _cNust | ||
| 082 | _a070,BAR | ||
| 100 | _aErik Barnouw | ||
| 245 |
_aMass communication _cErik Barnouw |
||
| 260 |
_aAmerica _bErik Barnouw _c1956 |
||
| 300 | _a280;p | ||
| 505 | _aThe History Of Mass Communication (Page-1), The Psycology Of Mass Communication (Page-49), The Media Of Mass Communication (Page-99), The Sponsors Of Mass Communication (Page-201) | ||
| 538 | _aAlmirah No.47 Shelf No.1 | ||
| 942 |
_2ddc _cBK |
||
| 999 |
_c193656 _d193656 |
||